000 00456nam a2200169Ia 4500
008 240729s9999 xx 000 0 und d
022 _a1472-6874
245 0 _aBMC Women's Health
260 _aUnited Kingdom
260 _bBMC
650 _a Gynecology and obstetrics | Medicine
650 _a Public aspects of medicine
650 _aMedicine
856 _uhttps://doaj.org/toc/d4023495a782466cb7882a93b00433be
942 _2ddc
942 _cDOAJEJ
999 _c74232
_d74232
945 _a1
_bMadushi Gamage
_c1
_dMadushi Gamage